U.S. State Capital to Largest City - Statistics

General Stats
  • This quiz has been taken 39,092 times
  • The average score is 13 of 20
Answer Stats
Capital Largest City % Correct
Sacramento Los Angeles
99%
Austin Houston
96%
Olympia Seattle
88%
Springfield Chicago
87%
Carson City Las Vegas
83%
Lansing Detroit
80%
Harrisburg Philadelphia
76%
Salem Portland
76%
St. Paul Minneapolis
75%
Santa Fe Albuquerque
72%
Tallahassee Jacksonville
70%
Raleigh Charlotte
68%
Madison Milwaukee
64%
Columbia Charleston
49%
Bismarck Fargo
46%
Helena Billings
43%
Pierre Sioux Falls
40%
Dover Wilmington
35%
Montpelier Burlington
34%
Concord Manchester
31%
No matching quizzes found
Score Distribution
Percent of People with Each Score
Percentile by Number Answered
Your Score History
You have not taken this quiz